• 首页
  • 本馆介绍
  • 公告通知
  • 最新文献
  • 馆藏检索
  • 电子资源
  • 读者导购
  • 参考咨询
  • 我的图书馆
  • 登录
  • 详细信息显示
  • 放入我的书架
  • 预约/预借图书
  • 作者相关作品
  • 分类相关作品
  • 丛书相关作品
  • 出版社相关作品

书目信息

  • 表格格式
  • 工作单格式
  • 卡片格式
书名: Microsoft Word 2000 essentials
作者: Nita Rutkosky.
分册号:
分册名:
出版地: St. Paul, MN :
 
出版社: EMC Paradigm
出版时间: c2000.
页数: xxvi, 574 p. :
开本: 28 cm. +
丛书名:
中图分类号:
科图分类号:
其他分类号: TP391.12
主题词:
电子资源:
000 01293cam a2200349 a 450
001 E0753670405
005 20070320151310.21
008 990623s2000 mnua 001 0 eng
010    @a99037718
020    @a0763802786 (text + CD-ROM).
020    @a0763802778 (text).
035    @A(DLC) 99037718
040    @aDLC@cDLC@dDLC
050 00 @aZ52.5.M52@bR9355 2000
082 00 @a652.5/5369@2 21
090    @aTP391.12
099    @dTP391.12@ex57
100 1  @aRutkosky, Nita Hewitt.
245 10 @aMicrosoft Word 2000 essentials / @cNita Rutkosky.
246 30 @aWord 2000 essentials
260    @aSt. Paul, MN :@bEMC Paradigm,@cc2000.
300    @axxvi, 574 p. :@bill. (some col.) ;@c28 cm. +@e1 computer laser disc (4 3/4 in.).
490 1  @aSignature series
500    @aIncludes index.
538    @aSystem requirements for accompanying computer disc: Microsoft Windows.
630 00 @aMicrosoft Word.
650  0 @aWord processing.
830  0 @aSignature series (Saint Paul, Minn.)
906    @a7@bcbc@corignew@d1@eocip@f19@gy-gencatlg
925 0  @aacquire@b1 shelf copy@xpolicy default
955    @apc05 to la00 06-23-99; lk50 06-24-99; lj07 06-25-99; lk18 06-29-99@aps08 2003-05-07 1 copy rec’d., to CIP ver.@fle02 2003-06-16@gle02 2003-06-16 to BCCD
984    @agsl
    
    Microsoft Word 2000 essentials / / Nita Rutkosky.-St. Paul, MN : : EMC Paradigm, , c2000.
    xxvi, 574 p. : : ill. (some col.) ; ; 28 cm. + + 1 computer laser disc (4 3/4 in.).- (Signature series )
    Includes index.-System requirements for accompanying computer disc: Microsoft Windows.
    
    ISBN 0763802786 (text + CD-ROM).
    
●
相关链接 在E读中查询图书 在五车中查询图书 在当当中查询图书 在豆瓣中查询图书


正题名:Microsoft Word 2000 essentials     索取号:TP391.12/x57         预约/预借

序号 登录号 条形码 馆藏地/架位号 状态 备注
1 0003114   300031141   第四借阅区/ [索取号:TP391.12/x57] 在馆    
2 0003182   300031828   第二样本阅览室/ [索取号:TP391.12/x57] 在馆    
3 0003183   300031837   第四借阅区/ [索取号:TP391.12/x57] 在馆    
唐山师范学院图书馆 欢迎您!
大连网信软件有限公司© 版权所有